| 000 | 01415cam a2200397 i 4500 | ||
|---|---|---|---|
| 999 |
_c200448822 _d67034 |
||
| 001 | 200448822 | ||
| 003 | TR-AnTOB | ||
| 005 | 20220520150201.0 | ||
| 007 | ta | ||
| 008 | 220405t20212021tu 000 0 tur d | ||
| 020 | _a9786052249949 (hardback) | ||
| 035 | _a(TR-AnTOB)200448822 | ||
| 040 |
_aFBU _beng _erda _cFBU _dT9K _dTR-AnTOB |
||
| 041 | 0 |
_atur _aota _beng |
|
| 049 | _aT9KA | ||
| 050 | 4 |
_aPL248.K3779 _bL39 2021 |
|
| 090 |
_aPL248.K3779 _bL39 2021 |
||
| 100 | 0 |
_aKeçecizade İzzet Molla, _d1785-1829 _eauthor _9137011 |
|
| 245 | 1 | 0 |
_aLâyiha sûretinde bir müzekkere = _cA memorandum in the form of a proposal / _bKeçecizâde İzzet Molla ; hazırlayanlar Ahmet Cihan, Mustafa Çiçekler. |
| 246 | 3 | 3 | _aA memorandum in the form of a proposal. |
| 264 | 1 |
_aAnkara : _bTürkiye Bilimler Akademisi, _c2021. |
|
| 264 | 4 | _c©2021 | |
| 300 |
_a271 pages : _billustrations ; _c25 cm |
||
| 336 |
_atext _btxt _2rdacontent |
||
| 337 |
_aunmediated _bn _2rdamedia |
||
| 338 |
_avolume _bnc _2rdacarrier |
||
| 490 | 0 |
_aTürk-İslâm Bilim Kültür Mirası Dizisi ; _v42. |
|
| 504 | _aBIBINDX | ||
| 600 | 0 | 0 |
_aKeçecizade İzzet Molla, _d1785-1829 _9137011 |
| 650 | 7 |
_aTürk edebiyatı _2etuturkob _986354 |
|
| 700 | 1 |
_aCihan, Ahmet, _d1962- _eeditor _9134060 |
|
| 700 | 1 |
_aÇiçekler, Mustafa _eeditor _980470 |
|
| 710 | 2 |
_aTürkiye Bilimler Akademisi _927420 |
|
| 942 |
_2lcc _cBK |
||